| Tag |
First Indicator |
Second Indicator |
Subfields |
| LEADER |
00000cam a22000004a 4500 |
| 001 |
in00002091821 |
| 005 |
20151102143251.0 |
| 008 |
050817s2006 flua b 001 0 eng |
| 010 |
|
|
|a 2005044484
|
| 020 |
|
|
|a 1575242486 (alk. paper)
|
| 035 |
|
|
|a (OCoLC)ocm61353111
|
| 040 |
|
|
|a DLC
|c DLC
|d TXA
|d UtOrBLW
|
| 042 |
|
|
|a pcc
|
| 043 |
|
|
|a n-us---
|
| 049 |
|
|
|a TXAM
|
| 050 |
0 |
0 |
|a LC5251
|b .E34 2006
|
| 082 |
0 |
0 |
|a 374/.973
|2 22
|
| 090 |
|
|
|a LC5251
|b .E33 2006
|
| 100 |
1 |
|
|a Edelson, Paul Jay.
|
| 245 |
1 |
0 |
|a Drawing on experience in adult and continuing education /
|c Paul Jay Edelson.
|
| 264 |
|
1 |
|a Malabar, Fla. :
|b Krieger Pub.,
|c 2006.
|
| 300 |
|
|
|a xiii, 176 pages :
|b illustrations ;
|c 24 cm.
|
| 336 |
|
|
|a text
|b txt
|2 rdacontent
|
| 337 |
|
|
|a unmediated
|b n
|2 rdamedia
|
| 338 |
|
|
|a volume
|b nc
|2 rdacarrier
|
| 504 |
|
|
|a Includes bibliographical references (pages [167]-171) and index.
|
| 650 |
|
0 |
|a Adult education
|z United States.
|
| 650 |
|
0 |
|a Continuing education
|z United States.
|
| 948 |
|
|
|a cataloged
|b h
|c 2006/2/22
|d c
|e ceaton
|f 8:58:48 am
|
| 994 |
|
|
|a C0
|b TXA
|
| 999 |
|
|
|a MARS
|
| 999 |
f |
f |
|s dff90760-2e30-3c13-a78d-a71b1b7534ed
|i adc5b007-43a2-356c-be91-f6c4cfb147b0
|t 0
|
| 952 |
f |
f |
|p normal
|a Texas A&M University
|b College Station
|c Sterling C. Evans Library
|d Evans: Library Stacks
|t 0
|e LC5251 .E33 2006
|h Library of Congress classification
|i unmediated -- volume
|m A14833496106
|
| 998 |
f |
f |
|a LC5251 .E33 2006
|t 0
|l Evans: Library Stacks
|